Divide and Quit (Record no. 72)

MARC details
000 -LEADER
fixed length control field 00575nam a2200241 a 4500
020 ## - INTERNATIONAL STANDARD BOOK NUMBER
ISBN
082 00 - DEWEY DECIMAL CLASSIFICATION NUMBER
Classification number 954.0359
Author Cutter MOO
100 ## - MAIN ENTRY--AUTHOR NAME
Author name Moon, Penderel
245 ## - TITLE STATEMENT
Title Divide and Quit
260 ## - PUBLICATION, DISTRIBUTION, ETC. (IMPRINT)
Place of publication London
Name of publisher Chatto and Windus Limited
Year of publication 1969
300 ## - PHYSICAL DESCRIPTION
Number of Pages 302p
500 ## - GENERAL NOTE
General note includes index and biblioraphy
505 2# - FORMATTED CONTENTS NOTE
Formatted contents note Index, Ill.
650 ## - SUBJECT ADDED ENTRY--TOPICAL TERM
Topical Term Partition of India
942 ## - ADDED ENTRY ELEMENTS (KOHA)
Koha item type Books
700 1# -
-- Moon, Penderel
Holdings
Collection code Home library Current library Date acquired Cost, normal purchase price Full call number Accession Number Koha item type
  Henry Martyn Institute Library Henry Martyn Institute Library 05/24/2005 1715.00 954.0359 MOO 03307 Books
                   Copyright © 2026 | Henry Martyn Institute | Hyderabad | TS-500052 | INDIA | Implemented by hmi.edu.in
Hit-Count:

Powered by Koha